Sorolla : (Record no. 10803)

MARC details
000 -CABECERA
campo de control de longitud fija 01615cam a2200337 i 4500
001 - NÚMERO DE CONTROL
campo de control BRCA_9184
003 - IDENTIFICADOR DEL NÚMERO DE CONTROL
campo de control FranzMayer
005 - FECHA Y HORA DE LA ÚLTIMA TRANSACCIÓN
campo de control 20220809132327.0
008 - DATOS DE LONGITUD FIJA--INFORMACIÓN GENERAL
campo de control de longitud fija 220704b |||||||| |||| 00| 0 spa d
020 ## - NÚMERO INTERNACIONAL ESTÁNDAR DEL LIBRO
Número Internacional Estándar del Libro 9788494962967
040 ## - FUENTE DE LA CATALOGACIÓN
Lengua de catalogación spa
Centro/agencia transcriptor MFM
041 ## - CÓDIGO DE LENGUA
Código de lengua del texto/banda sonora o título independiente spa
050 00 - SIGNATURA TOPOGRÁFICA DE LA BIBLIOTECA DEL CONGRESO
Número de clasificación ND1460.G37
Número de documento/Ítem S67 2018
245 00 - MENCIÓN DE TÍTULO
Título Sorolla :
Resto del título jardines /
Mención de responsabilidad, etc. Blanca Pons-Sorolla, Mónica Rodríguez Subirana
264 #1 - PRODUCCIÓN, PUBLICACIÓN, DISTRIBUCIÓN, FABRICACIÓN Y COPYRIGHT
Producción, publicación, distribución, fabricación y copyright Madrid :
Nombre del de productor, editor, distribuidor, fabricante Ediciones El Viso,
Fecha de producción, publicación, distribución, fabricación o copyright 2018
300 ## - DESCRIPCIÓN FÍSICA
Extensión 151 p. :
Otras características físicas il. y fot. ;
Dimensiones 25 x 29 cm
336 ## - TIPO DE CONTENIDO
Término de tipo de contenido still image
Fuente rdacontent
336 ## - TIPO DE CONTENIDO
Término de tipo de contenido text
Fuente rdacontent
337 ## - TIPO DE MEDIO
Nombre/término del tipo de medio unmediated
Fuente rdamedia
338 ## - TIPO DE SOPORTE
Nombre/término del tipo de soporte volume
Fuente rdacarrier
500 ## - NOTA GENERAL
Nota general Ubicación: L59-N5
500 ## - NOTA GENERAL
Nota general Incluye pintura de Museo Franz Mayer (55 p.)
505 ## - NOTA DE CONTENIDO CON FORMATO
Título Sorolla, pintor de jardines /
Mención de responsabilidad Blanca Pons-Sorolla
505 ## - NOTA DE CONTENIDO CON FORMATO
Título De los primeros jardines a la independencia del jardín ;
-- Sevilla, el jardín como contrapunto a la arquitectura y la historia ;
-- Granada: sierra nevada, los patios, los jardines ;
-- Jardines de la casa Sorolla: la pasión última del pintor /
Mención de responsabilidad Mónica Rodríguez Subirana
520 ## - SUMARIO, ETC.
Sumario, etc. Las investigadoras Blanca Pons-Sorolla y Mónica Rodríguez Subirana exploran la fascinación de Sorolla por los jardines, al tiempo que sitúan las obras más importantes que realizara en este género en el contexto de su vida y carrera. - Proporcionado por el editor
600 10 - PUNTO DE ACCESO ADICIONAL DE MATERIA--NOMBRE DE PERSONA
Nombre de persona Sorolla, Joaquín,
Fechas asociadas al nombre 1863-1923
Subdivisión de forma Catálogos
9 (RLIN) 2380
600 10 - PUNTO DE ACCESO ADICIONAL DE MATERIA--NOMBRE DE PERSONA
Nombre de persona Sorolla, Joaquín,
Fechas asociadas al nombre 1863-1923
Subdivisión general Pintura
9 (RLIN) 28402
650 #0 - PUNTO DE ACCESO ADICIONAL DE MATERIA--TÉRMINO DE MATERIA
Término de materia o nombre geográfico como elemento de entrada Jardines
Subdivisión general Arte
-- Pintura
Subdivisión geográfica España
9 (RLIN) 28403
942 ## - ELEMENTOS DE PUNTO DE ACCESO ADICIONAL (KOHA)
Fuente del sistema de clasificación o colocación Library of Congress Classification
Tipo de ítem Koha Libros
Holdings
Estado de retiro Estado de pérdida Fuente del sistema de clasificación o colocación Estado dañado No para préstamo Localización permanente Ubicación/localización actual Fecha de adquisición Total de préstamos Signatura topográfica completa Código de barras Fecha visto por última vez Precio válido a partir de Tipo de ítem Koha
El ejemplar forma parte de la colección y puede ser consultado según las políticas vigentes.   Library of Congress Classification     Biblioteca del Museo Franz Mayer (Rogerio Casas-Alatriste) Biblioteca del Museo Franz Mayer (Rogerio Casas-Alatriste) 04/07/2022   ND1460.G37 S67 2018 CONT9957 04/07/2022 04/07/2022 Libros